<?xml version="1.0" encoding="UTF-8"?>
<record
    xmlns:xsi="http://www.w3.org/2001/XMLSchema-instance"
    xsi:schemaLocation="http://www.loc.gov/MARC21/slim http://www.loc.gov/standards/marcxml/schema/MARC21slim.xsd"
    xmlns="http://www.loc.gov/MARC21/slim">

  <leader>00719nam a2200217Ia 4500</leader>
  <controlfield tag="005">20220218160417.0</controlfield>
  <controlfield tag="008">210716s2003    xx            000 0 und d</controlfield>
  <datafield tag="020" ind1=" " ind2=" ">
    <subfield code="a">8173181252</subfield>
  </datafield>
  <datafield tag="040" ind1=" " ind2=" ">
    <subfield code="c">AIMIT LIBRARY</subfield>
  </datafield>
  <datafield tag="041" ind1=" " ind2=" ">
    <subfield code="a">eng</subfield>
  </datafield>
  <datafield tag="082" ind1=" " ind2=" ">
    <subfield code="a">658.3 </subfield>
    <subfield code="2">1</subfield>
    <subfield code="b">RAOP</subfield>
  </datafield>
  <datafield tag="100" ind1=" " ind2=" ">
    <subfield code="a">Rao, P Subba.</subfield>
    <subfield code="9">21151</subfield>
  </datafield>
  <datafield tag="245" ind1=" " ind2=" ">
    <subfield code="a">Essentials of human resource management and industrial relations : </subfield>
    <subfield code="b">text cases and games /</subfield>
    <subfield code="c">By P Subba Rao.</subfield>
  </datafield>
  <datafield tag="250" ind1=" " ind2=" ">
    <subfield code="a">1st ed.</subfield>
  </datafield>
  <datafield tag="260" ind1=" " ind2=" ">
    <subfield code="a">Hyderabad :</subfield>
    <subfield code="b">Himalaya Publishing House ;</subfield>
    <subfield code="c">2005</subfield>
  </datafield>
  <datafield tag="300" ind1=" " ind2=" ">
    <subfield code="a">790p. ;</subfield>
    <subfield code="c">23 cm.</subfield>
  </datafield>
  <datafield tag="650" ind1=" " ind2=" ">
    <subfield code="a">Job design job analysis</subfield>
    <subfield code="9">21152</subfield>
  </datafield>
  <datafield tag="650" ind1=" " ind2=" ">
    <subfield code="a">Selection placement and industries</subfield>
    <subfield code="9">21153</subfield>
  </datafield>
  <datafield tag="650" ind1=" " ind2=" ">
    <subfield code="a">Industrial relations</subfield>
    <subfield code="9">21154</subfield>
  </datafield>
  <datafield tag="942" ind1=" " ind2=" ">
    <subfield code="2">ddc</subfield>
    <subfield code="c">BK</subfield>
    <subfield code="e">1st</subfield>
    <subfield code="k">658.3 RAOP</subfield>
  </datafield>
  <datafield tag="999" ind1=" " ind2=" ">
    <subfield code="c">203434</subfield>
    <subfield code="d">203434</subfield>
  </datafield>
  <datafield tag="952" ind1=" " ind2=" ">
    <subfield code="0">0</subfield>
    <subfield code="1">0</subfield>
    <subfield code="2">ddc</subfield>
    <subfield code="4">0</subfield>
    <subfield code="7">0</subfield>
    <subfield code="8">MBA</subfield>
    <subfield code="a">AIMIT</subfield>
    <subfield code="b">AIMIT</subfield>
    <subfield code="c">HRM</subfield>
    <subfield code="d">2004-04-07</subfield>
    <subfield code="g">275.00</subfield>
    <subfield code="i">Bill no:5925;Bill dt:2004-03-30</subfield>
    <subfield code="l">0</subfield>
    <subfield code="o">658.3 RAOP</subfield>
    <subfield code="p">MBA00125</subfield>
    <subfield code="r">2026-05-23 00:00:00</subfield>
    <subfield code="v">220.00</subfield>
    <subfield code="w">2021-07-16</subfield>
    <subfield code="y">BK</subfield>
  </datafield>
  <datafield tag="952" ind1=" " ind2=" ">
    <subfield code="0">0</subfield>
    <subfield code="1">0</subfield>
    <subfield code="2">ddc</subfield>
    <subfield code="4">0</subfield>
    <subfield code="7">0</subfield>
    <subfield code="8">MBA</subfield>
    <subfield code="a">AIMIT</subfield>
    <subfield code="b">AIMIT</subfield>
    <subfield code="c">HRM</subfield>
    <subfield code="d">2004-04-07</subfield>
    <subfield code="g">275.00</subfield>
    <subfield code="i">Bill no:5925; Bill dt:2004-03-30</subfield>
    <subfield code="l">0</subfield>
    <subfield code="o">658.3 RAOP</subfield>
    <subfield code="p">MBA00126</subfield>
    <subfield code="r">2026-05-23 00:00:00</subfield>
    <subfield code="v">220.00</subfield>
    <subfield code="w">2021-07-16</subfield>
    <subfield code="y">BK</subfield>
  </datafield>
  <datafield tag="952" ind1=" " ind2=" ">
    <subfield code="0">0</subfield>
    <subfield code="1">0</subfield>
    <subfield code="2">ddc</subfield>
    <subfield code="4">0</subfield>
    <subfield code="7">0</subfield>
    <subfield code="8">MBA</subfield>
    <subfield code="a">AIMIT</subfield>
    <subfield code="b">AIMIT</subfield>
    <subfield code="c">HRM</subfield>
    <subfield code="d">2004-04-15</subfield>
    <subfield code="g">275.00</subfield>
    <subfield code="i">Bill no:5935; Bill dt:2004-03-31</subfield>
    <subfield code="l">0</subfield>
    <subfield code="o">658.3 RAOP</subfield>
    <subfield code="p">MBA00337</subfield>
    <subfield code="r">2026-05-23 00:00:00</subfield>
    <subfield code="v">220.00</subfield>
    <subfield code="w">2021-07-16</subfield>
    <subfield code="y">BK</subfield>
  </datafield>
  <datafield tag="952" ind1=" " ind2=" ">
    <subfield code="0">0</subfield>
    <subfield code="1">0</subfield>
    <subfield code="2">ddc</subfield>
    <subfield code="4">0</subfield>
    <subfield code="7">0</subfield>
    <subfield code="8">MBA</subfield>
    <subfield code="a">AIMIT</subfield>
    <subfield code="b">AIMIT</subfield>
    <subfield code="c">HRM</subfield>
    <subfield code="d">2004-04-15</subfield>
    <subfield code="g">275.00</subfield>
    <subfield code="i">Bill no:5935; Bill dt:2004-03-31</subfield>
    <subfield code="l">0</subfield>
    <subfield code="o">658.3 RAOP</subfield>
    <subfield code="p">MBA00338</subfield>
    <subfield code="r">2026-05-23 00:00:00</subfield>
    <subfield code="v">220.00</subfield>
    <subfield code="w">2021-07-16</subfield>
    <subfield code="y">BK</subfield>
  </datafield>
  <datafield tag="952" ind1=" " ind2=" ">
    <subfield code="0">0</subfield>
    <subfield code="1">0</subfield>
    <subfield code="2">ddc</subfield>
    <subfield code="4">0</subfield>
    <subfield code="7">0</subfield>
    <subfield code="8">MBA</subfield>
    <subfield code="a">AIMIT</subfield>
    <subfield code="b">AIMIT</subfield>
    <subfield code="c">HRM</subfield>
    <subfield code="d">2007-05-07</subfield>
    <subfield code="g">275.00</subfield>
    <subfield code="l">0</subfield>
    <subfield code="o">658.3 RAOP</subfield>
    <subfield code="p">MBA04373</subfield>
    <subfield code="r">2026-05-23 00:00:00</subfield>
    <subfield code="v">275.00</subfield>
    <subfield code="w">2021-07-16</subfield>
    <subfield code="y">BK</subfield>
  </datafield>
  <datafield tag="952" ind1=" " ind2=" ">
    <subfield code="0">0</subfield>
    <subfield code="1">0</subfield>
    <subfield code="2">ddc</subfield>
    <subfield code="4">0</subfield>
    <subfield code="7">0</subfield>
    <subfield code="8">MBA</subfield>
    <subfield code="a">AIMIT</subfield>
    <subfield code="b">AIMIT</subfield>
    <subfield code="c">HRM</subfield>
    <subfield code="d">2008-01-02</subfield>
    <subfield code="g">340.00</subfield>
    <subfield code="i">Bill no:8013; Bill dt:2007-12-18</subfield>
    <subfield code="l">0</subfield>
    <subfield code="o">658.3 RAOP</subfield>
    <subfield code="p">MBA04662</subfield>
    <subfield code="r">2026-05-23 00:00:00</subfield>
    <subfield code="v">272.00</subfield>
    <subfield code="w">2021-07-16</subfield>
    <subfield code="y">BK</subfield>
  </datafield>
  <datafield tag="952" ind1=" " ind2=" ">
    <subfield code="0">0</subfield>
    <subfield code="1">0</subfield>
    <subfield code="2">ddc</subfield>
    <subfield code="4">0</subfield>
    <subfield code="7">0</subfield>
    <subfield code="8">MBA</subfield>
    <subfield code="a">AIMIT</subfield>
    <subfield code="b">AIMIT</subfield>
    <subfield code="c">HRM</subfield>
    <subfield code="d">2009-03-07</subfield>
    <subfield code="l">0</subfield>
    <subfield code="o">658.3 RAOP</subfield>
    <subfield code="p">MBA06000</subfield>
    <subfield code="r">2026-05-23 00:00:00</subfield>
    <subfield code="w">2021-07-16</subfield>
    <subfield code="y">BK</subfield>
  </datafield>
</record>
